000 00625nam a2200217Ia 4500
003 OSt
005 20220928140609.0
006 a|||||r|||| 00| 0
007 ta
008 220927b |||||||| |||| 00| 0 eng d
024 _a9775
037 _cTextual
040 _aSDCL
_cSDCL
_beng
041 _2eng
_aeng
082 _aD6,8(B289C), M5
100 _aSchustack Steve Ed.
_9496135
245 0 _aVariations in C
_b Programming techniques for developing erficient professional applications
260 _c1985
942 _hD6,8(B289C), M5
_cTEXL
_2CC
999 _c812402
_d812402